000 00362nam a2200169Ia 4500
100 _aRountree/Derrick
650 _aCloud computing
942 _cBK
366 _f25
654 _acloud computing
245 _aThe Basics of cloud computing
260 _bElsevier
_c2014
082 _a4.65
300 _a155
546 _aENGLISH
_cComputers
999 _c32527
_d32527